| 000 | 00360nam a2200133Ia 4500 | ||
|---|---|---|---|
| 008 | 240624s9999 xx 000 0 und d | ||
| 041 | _aeng | ||
| 082 | _a658.4 CHO | ||
| 100 | _aCHOUDHURY PRASANTA | ||
| 245 | _aSOME HITS SOME MISSES CONFESSIONS OF AN | ||
| 260 |
_c2012 _aNew Delhi _bTata McGraw-Hill |
||
| 300 | _axv, : 198 : p. : cm. ; 26 | ||
| 365 |
_cRS _b33 |
||
| 999 |
_c25718 _d25718 |
||